Jumeaux et jumelles de fiction - Statistiques

Statistiques générales
  • Ce quiz a été pris 37 fois
    9 depuis la dernière actualisation
  • Le résultat moyen est 12 sur 44
Statistiques - réponses
Jumeaux/Jumelles de fiction Univers % Correct
Luke et Leia Star Wars
100%
C17 et C18 Dragon Ball
88%
Kinkaku et Ginkaku Naruto
88%
Fred et George Harry Potter
75%
Jaime et Cersei Game of Thrones
63%
Romulus et Rémus Mythologie romaine
63%
Shanks et Shamrock One Piece
63%
Phoebe et Ursula Friends
50%
Zack et Cody La Vie de palace de Zack et Cody
50%
Patty et Selma Les Simpson
50%
Wanda et Pietro Marvel
50%
Solid Snake et Liquid Snake Metal Gear
50%
Castor et Pollux Mythologie grecque
50%
Tweedledee et Tweedledum Alice au pays des merveilles
38%
Freyja et Freyr Mythologie nordique
38%
Jacob et Esau Bible
25%
Leto et Ghanima Dune
25%
Tek et No Foot 2 Rue
25%
Atsumu et Osamu Haikyuu
25%
Geb et Nout Mythologie égyptienne
25%
Rem et Ram Re: Zero
25%
Smiley et Angry Tokyo Revengers
25%
Rin et Yukio Blue Exorcist
13%
Chapi et Chapo Chapi Chapo
13%
Tobin et Frère Le Royaume de Tobin
13%
Delphine et Solange Les Demoiselles de Rochefort
13%
Levy et Tatia Pokémon
13%
Koume et Kotake The Legend of Zelda
13%
Rosalie et Jasper Twilight
13%
Hiei et Yukina Yu Yu Hakusho
13%
Junko et Mukuro Danganronpa
0%
Boomer et John Ma Double Dragon
0%
Mairu et Kurui Durarara
0%
Emmit et Ray Fargo
0%
Hikage et Hinata Fire Force
0%
Takumi et Isami Food Wars
0%
Dipper et Marbel Gravity Falls
0%
Reggie et Ronnie Legend
0%
Philippe et Louis (XIV) Le Vicomte de Bragelonne
0%
Jacob et L'Homme en noir Lost
0%
Yoh et Aoh Shaman King
0%
Alicia et Max Supernatural
0%
Danviou et Célia Tara Duncan
0%
Kurona et Nashiro Tokyo Ghoul
0%
Aucun quiz correspondant
Distribution des résultats
% des personnes avec chaque résultat
Percentile par nombre de réponses
Votre historique - résultats
Vous n’avez pas pris ce quiz depuis la dernière actualisation